|
|
|
|
| LEADER |
00000nam a2200000 i 4500 |
| 001 |
1/96505 |
| 008 |
081104s2007 eng d |
| 020 |
|
|
|a 978-0-470-17501-9
|
| 035 |
|
|
|l 10101366
|
| 040 |
|
|
|a GR-MY-UA
|b gre
|e aacr
|
| 041 |
0 |
|
|a eng
|
| 082 |
0 |
|
|a 658.87202854678
|2 (22)
|
| 100 |
1 |
|
|a Ledford, Jerri L.
|
| 245 |
1 |
0 |
|a Google Analytics 2.0 /
|c Jerri Ledford and Mary E. Tyler
|
| 260 |
|
|
|a Indianapolis, IN :
|b Wiley,
|c c2007
|
| 300 |
|
|
|a xvii, 318 σ.;
|b σχ.;
|c 24 εκ.
|
| 504 |
|
|
|a Περιλαμβάνει ευρετήριο
|
| 650 |
0 |
0 |
|a Internet searching
|x Statistical services.
|
| 650 |
0 |
0 |
|a Web usage mining
|x Computer programs.
|
| 650 |
0 |
0 |
|a Internet users
|x Statistics
|x Data processing.
|
| 700 |
1 |
|
|a Tyler, Mary E.
|d 1970-
|
| 852 |
|
|
|a INST
|b CHIOS
|e 20081104
|h 658.87202854678 LED
|p 005200031046
|q 005200031046
|t BK
|y 0
|
| 901 |
|
|
|a BIBL2-2008-3
|
| 909 |
|
|
|a Χ
|b 153876
|
| 922 |
|
|
|a 2ΕΛΗ
|b 200809
|c ΕΠΕΑΕΚ2/ΤΜΟΔ
|d Ι. ΜΙΧΑΛΟΠΟΥΛΟΣ
|
| 970 |
|
|
|a ΒΑΣΙΛΑΚΗ
|b ΝΙΚΗ
|z 2008/11/04
|